000 01042nam a2200289 c 4500
003 BLK
005 20230404030251.0
008 180410b bul|||||r ||||||| ||bul||
010 _aKNG00160250000
040 _aBLK
041 _aBUL
_cBUL
080 _aБългарска литература
_b821.163.2
_x-31
_z821.163.2-31
100 1 _aВасилев, Орлин
_gВасилев, Христо Петков
_9377390
139 _aВасилев, Орлин
_bВ 24
245 1 0 _aБялата пътека
_bРоман
_cОрлин Василев.
250 _a2. изд.
257 _aBGR
260 София
_bДърж. воен. изд.
_c1959
300 _a160 с.
_bс 1 л. портр.
_c20 см
380 _aX
500 _a1. изд. 1929. - 6 090 тир.
852 _aЦб 13712
856 4 _qpdf
_u
856 4 _qpdf
_u
942 _cKNG
_n0
944 _aCR
_c30.04.2014
_l30.04.2014 - от С1,Р / 30.04.2014
_kНиколинка_Братованов
944 _aED
_c30.04.2014
_l30.04.2014 - от С1,Р / 30.04.2014
_k
999 _c153715
_d153715